English Lyrics in Lovesick Girls by Blackpink - Statistics

General Stats
  • This quiz has been taken 86 times
  • The average score is 156 of 187
Answer Stats
Lyrics % Correct
a
100%
A
100%
love
100%
(Love)
100%
love?
100%
love,
100%
Love
100%
(Lovesick
100%
lovesick
100%
we
100%
We
100%
are
98%
girls)
98%
girls
98%
the
96%
for
91%
to
91%
be
89%
I
89%
still
89%
looking
87%
were
87%
we're
87%
alone
85%
But
85%
born
83%
No
83%
no
83%
can
81%
my
81%
prince
81%
do
79%
diamond
77%
I'm
75%
is
75%
and
74%
priceless,
74%
priceless
74%
say?
74%
say
74%
What
74%
what
74%
when
74%
Yeah,
74%
rings,
72%
you
72%
list
70%
on
70%
exes
68%
that
68%
doctor
66%
left,
66%
left
66%
not
66%
X
66%
don't
64%
drug
64%
even
64%
O's
64%
quit
64%
why
64%
it
62%
wanna
62%
help
60%
stone
60%
Didn't
58%
know
58%
never,
58%
letters,
57%
set
57%
care,
55%
could
53%
darlin'
53%
over
53%
fallin'
51%
better
49%
in
45%
killin'
45%
your
42%
I'll
40%
slippin'
34%
One,
32%
two
32%
No matching quizzes found
Score Distribution
Percent of People with Each Score
Percentile by Number Answered
Your Score History
You have not taken this quiz